Catálogo general de la Calcografía Nacional / (Record no. 6165)

MARC details
000 -LEADER
campo de control de longitud fija 01264nam a2200313 i 4500
001 - NÚMERO DE CONTROL
campo de control 6165
003 - IDENTIFICADOR DE NÚMERO DE CONTROL
campo de control ES-MaACL
005 - FECHA Y HORA DE LA ÚLTIMA TRANSACCIÓN
campo de control 20250820063019.0
007 - CAMPO FIJO DE DESCRIPCIÓN FÍSICA--INFORMACIÓN GENERAL
campo de control de longitud fija t|
008 - DATOS DE LONGITUD FIJA--INFORMACIÓN GENERAL
campo de control de longitud fija 890822e1987 sp a||||rc||||00110 spa
017 ## - NÚMERO DE COPYRIGHT O DE DEPÓSITO LEGAL
Número de copyright o de depósito legal M 41483-1987
Agencia que asigna Oficina Depósito Legal Madrid
020 ## - NÚMERO INTERNACIONAL ESTÁNDAR DEL LIBRO
Número Internacional Estándar del Libro 84-86630-10-X
080 ## - NÚMERO DE LA CLASIFICACIÓN DECIMAL UNIVERSAL
Número de la Clasificación Decimal Universal 762(460):069.538
110 2# - ENTRADA PRINCIPAL--NOMBRE DE ENTIDAD CORPORATIVA
Nombre de entidad corporativa o nombre de jurisdicción como elemento de entrada Calcografía Nacional (España)
Término indicativo de función/relación entidad responsable
9 (RLIN) 2350
245 10 - MENCIÓN DEL TÍTULO
Título Catálogo general de la Calcografía Nacional /
Mención de responsabilidad, etc. Calcografía Nacional ; [con la colaboración de Juan Carrete Parrondo ... (et al.)]
260 ## - PUBLICACIÓN, DISTRIBUCIÓN, ETC.
Lugar de publicación, distribución, etc. Madrid :
Nombre del editor, distribuidor, etc. Real Academia de Bellas Artes de San Fernando,
Fecha de publicación, distribución, etc. 1987
300 ## - DESCRIPCIÓN FÍSICA
Extensión XVII, 374 páginas, [368] páginas de láminas ;
Dimensiones 25 cm
594 ## - Nota al título y mención de responsabilidad
Nota al título y mención de responsabilidad Patrocinador: Fundación Ramón Areces
610 24 - PUNTO DE ACCESO ADICIONAL DE MATERIA--NOMBRE DE ENTIDAD CORPORATIVA
Nombre de entidad corporativa o nombre de jurisdicción como elemento de entrada Calcografía Nacional (España)-
Subdivisión de forma Catálogos
9 (RLIN) 2351
650 #4 - PUNTO DE ACCESO ADICIONAL DE MATERIA--TÉRMINO DE MATERIA
Término de materia o nombre geográfico como elemento de entrada Calcografía-
Subdivisión geográfica España
9 (RLIN) 10667
700 1# - ENTRADA AGREGADA--NOMBRE PERSONAL
Nombre de persona Carrete Parrondo, Juan,
Fechas asociadas al nombre 1944-2023
Término indicativo de función/relación Colaborador
9 (RLIN) 35710
710 2# - ENTRADA AGREGADA--NOMBRE DE ENTIDAD CORPORATIVA
Nombre de entidad corporativa o nombre de jurisdicción como elemento de entrada Real Academia de Bellas Artes de San Fernando
Término indicativo de función/relación Editor
9 (RLIN) 6291
710 2# - ENTRADA AGREGADA--NOMBRE DE ENTIDAD CORPORATIVA
Nombre de entidad corporativa o nombre de jurisdicción como elemento de entrada Fundación Ramón Areces
Término indicativo de función/relación Patrocinador
9 (RLIN) 4401
852 4# - LOCALIZACIÓN
Ubicación ES-MaACL
Sublocalización o colección R.115703
Ubicación en estantería Depósito 2
Número de control de estantería L-13343
Encuadernación Tela
852 4# - LOCALIZACIÓN
Ubicación ES-MaACL
Sublocalización o colección R.115431
Ubicación en estantería Depósito 2
Número de control de estantería L-13344
Encuadernación Tela
942 ## - ELEMENTOS DE ENTRADA SECUNDARIOS (KOHA)
Fuente del sistema de clasificación o colocación Clasificación decimal universal
Tipo de ítem Koha Libro impreso
Suprimir en OPAC No
Holdings
Estatus retirado Estado de pérdida Fuente del sistema de clasificación o colocación Estado de daño No para préstamo Biblioteca de origen Biblioteca actual Ubicación en estantería Fecha de adquisición Total de préstamos Signatura topográfica completa Código de barras Visto por última vez Tipo de ítem Koha
    Clasificación decimal universal     Biblioteca del Ateneo de Madrid Biblioteca del Ateneo de Madrid Depósito 2 17/01/2008   L-13343 1006276 23/02/2023 Libro impreso
    Clasificación decimal universal     Biblioteca del Ateneo de Madrid Biblioteca del Ateneo de Madrid Depósito 2 17/01/2008   L-13344 1006275 23/02/2023 Libro impreso